|
|
|
|
| LEADER |
00904cam a2200253 7i4500 |
| 001 |
0000030725 |
| 005 |
20200610090000.0 |
| 008 |
100309 eng |
| 020 |
|
|
|a 9780387726465 (hbk.)
|
| 040 |
|
|
|a DLC
|
| 090 |
0 |
0 |
|a RC451.4.A5
|b G37 2009
|
| 245 |
0 |
0 |
|a Geropsychology and long term care :
|b a practitioner's guide
|c Erlene Rosowsky, Joseph M. Casciani, Merla Arnold, editors.
|
| 260 |
|
|
|a New York:
|b Springer,
|c 2009.
|
| 300 |
|
|
|a xi, 128 p.;
|c 25 cm.
|
| 504 |
|
|
|a Includes bibliographical references and index
|
| 650 |
0 |
0 |
|a Geriatric psychiatry
|
| 650 |
0 |
0 |
|a Older people --
|x Mental health services
|
| 650 |
0 |
0 |
|a Older people --
|x Mental health
|
| 700 |
1 |
|
|a Rosowsky, Erlene
|
| 700 |
1 |
|
|a Casciani, Joseph M
|
| 700 |
1 |
|
|a Arnold, Merla
|
| 997 |
|
|
|a Health Sciences, Faculty
|
| 998 |
|
|
|a Physiotherapy, Diploma
|
| 999 |
|
|
|a 0000038726
|b BOK
|c OPEN SHELF
|e 1st Floor, Shah Alam
|